[Event "Oxford International"]
[Site "Oxford"]
[Date "1984.06.29"]
[Round "5"]
[White "Hartoch, Robert G"]
[Black "Ligterink, Gert"]
[Result "1/2-1/2"]
[WhiteElo "2355"]
[BlackElo "2445"]
[PlyCount "39"]
[EventDate "1984.06.25"]
[EventType "tourn"]
[EventRounds "9"]
[EventCountry "ENG"]
[SourceTitle "BritBase"]
[Source "John Saunders"]
[SourceDate "2021.06.19"]
[SourceVersion "1"]
[SourceVersionDate "2021.06.19"]
[SourceQuality "1"]

1. d4 Nf6 2. Nf3 e6 3. c4 b6 4. Nc3 Bb7 5. a3 d5 6. cxd5 Nxd5 7. e4 Nxc3 8.
bxc3 Bxe4 9. Ne5 Bb7 10. Qh5 g6 11. Bb5+ c6 12. Qf3 Qc7 13. Ba4 b5 14. Bf4 Qe7
15. Bg5 Qc7 16. Qf6 Rg8 17. Nxf7 Qe7 18. Nd8 Qxf6 19. Bxf6 Nd7 20. Nxb7 1/2-1/2

[Event "Oxford International"]
[Site "Oxford"]
[Date "1984.06.29"]
[Round "5"]
[White "Levitt, Jonathan"]
[Black "Upton, Timothy J"]
[Result "1/2-1/2"]
[WhiteElo "2345"]
[BlackElo "2340"]
[PlyCount "58"]
[EventDate "1984.06.25"]
[EventType "tourn"]
[EventRounds "9"]
[EventCountry "ENG"]
[SourceTitle "BritBase"]
[Source "John Saunders"]
[SourceDate "2021.06.19"]
[SourceVersion "1"]
[SourceVersionDate "2021.06.19"]
[SourceQuality "1"]

1. d4 d5 2. c4 e6 3. Nc3 Be7 4. Nf3 Nf6 5. Bg5 O-O 6. e3 h6 7. Bxf6 Bxf6 8. Qd2
b6 9. cxd5 exd5 10. Be2 Be6 11. O-O Nd7 12. Rfd1 Rb8 13. Rac1 c5 14. b3 Qe7 15.
dxc5 Bxc3 16. Qxc3 bxc5 17. Ne1 Rfc8 18. Bf3 Nf6 19. Qe5 Qc7 20. Qxc7 Rxc7 21.
Nd3 Rbc8 22. Nf4 c4 23. b4 Rb8 24. a3 a5 25. bxa5 Rb5 26. e4 dxe4 27. Nxe6 fxe6
28. Be2 Rbc5 29. Rd4 Rxa5 1/2-1/2

[Event "Oxford International"]
[Site "Oxford"]
[Date "1984.06.29"]
[Round "5"]
[White "McNab, Colin Anderson"]
[Black "Regan, Kenneth"]
[Result "1/2-1/2"]
[WhiteElo "2375"]
[BlackElo "2400"]
[PlyCount "71"]
[EventDate "1984.06.25"]
[EventType "tourn"]
[EventRounds "9"]
[EventCountry "ENG"]
[SourceTitle "BritBase"]
[Source "John Saunders"]
[SourceDate "2021.06.19"]
[SourceVersion "1"]
[SourceVersionDate "2021.06.19"]
[SourceQuality "1"]

1. Nf3 b6 2. g3 Bb7 3. Bg2 g6 4. O-O Bg7 5. d4 e6 6. c4 Ne7 7. Nc3 d6 8. e4 Nd7
9. Be3 O-O 10. Rc1 a6 11. b4 b5 12. d5 exd5 13. cxd5 c5 14. dxc6 Nxc6 15. Qxd6
Nf6 16. Rfd1 Qxd6 17. Rxd6 Rfd8 18. Rxd8+ Rxd8 19. Bc5 Rd3 20. Ne1 Rd8 21. a4
bxa4 22. Nxa4 Nd4 23. Bxd4 Rxd4 24. e5 Bh6 25. f4 Bxg2 26. Kxg2 Nd5 27. Rc8+
Bf8 28. Nc2 Rd2+ 29. Kf3 Kg7 30. Rc4 Rxh2 31. Ke4 Rd2 32. Nc5 Nb6 33. Rc3 Nd5
34. Rc4 Nb6 35. Rc3 Nd5 36. Rc4 1/2-1/2

[Event "Oxford International"]
[Site "Oxford"]
[Date "1984.06.30"]
[Round "6"]
[White "Cox, John J"]
[Black "McNab, Colin Anderson"]
[Result "0-1"]
[WhiteElo "2350"]
[BlackElo "2375"]
[PlyCount "64"]
[EventDate "1984.06.25"]
[EventType "tourn"]
[EventRounds "9"]
[EventCountry "ENG"]
[SourceTitle "BritBase"]
[Source "John Saunders"]
[SourceDate "2021.06.19"]
[SourceVersion "1"]
[SourceVersionDate "2021.06.19"]
[SourceQuality "1"]

1. e4 g6 2. d4 Bg7 3. Nc3 d6 4. g3 Nc6 5. Be3 Nf6 6. Bg2 Ng4 7. Nf3 Nxe3 8.
fxe3 e5 9. d5 Ne7 10. O-O O-O 11. Qe2 Bd7 12. Rad1 Bh6 13. Nh4 a6 14. a4 Qe8
15. b3 b5 16. axb5 axb5 17. Ra1 b4 18. Rxa8 Qxa8 19. Nd1 Qa7 20. Re1 c6 21. Kh1
Qb7 22. Nb2 cxd5 23. exd5 Nxd5 24. Nc4 Qb5 25. Nxd6 Qxe2 26. Rxe2 Nxe3 27. Bb7
Rb8 28. Kg1 Bf8 29. Ne4 Rxb7 30. Rxe3 Kg7 31. Rd3 Bc6 32. Nd6 Ra7 0-1

[Event "Oxford International"]
[Site "Oxford"]
[Date "1984.06.30"]
[Round "6"]
[White "Hawksworth, John C"]
[Black "Regan, Kenneth"]
[Result "1/2-1/2"]
[WhiteElo "2340"]
[BlackElo "2400"]
[PlyCount "54"]
[EventDate "1984.06.25"]
[EventType "tourn"]
[EventRounds "9"]
[EventCountry "ENG"]
[SourceTitle "BritBase"]
[Source "John Saunders"]
[SourceDate "2021.06.19"]
[SourceVersion "1"]
[SourceVersionDate "2021.06.19"]
[SourceQuality "1"]

1. d4 Nf6 2. c4 e6 3. g3 Bb4+ 4. Bd2 Qe7 5. Bg2 O-O 6. Nf3 Bxd2+ 7. Qxd2 d6 8.
Nc3 e5 9. O-O Bg4 10. Nd5 Nxd5 11. cxd5 Bxf3 12. Bxf3 e4 13. Bg2 c6 14. dxc6
Nxc6 15. d5 e3 16. Qxe3 Qxe3 17. fxe3 Ne5 18. Rac1 Rfc8 19. Bh3 Rxc1 20. Rxc1
Kf8 21. Rc7 Rb8 22. e4 Ke8 23. Kf2 Kd8 24. Rc1 b5 25. b3 b4 26. Ke3 a5 27. Rc2
Ra8 1/2-1/2

[Event "Oxford International"]
[Site "Oxford"]
[Date "1984.06.30"]
[Round "6"]
[White "Ligterink, Gert"]
[Black "Bradbury, Neil H"]
[Result "1-0"]
[WhiteElo "2445"]
[BlackElo "2395"]
[PlyCount "77"]
[EventDate "1984.06.25"]
[EventType "tourn"]
[EventRounds "9"]
[EventCountry "ENG"]
[SourceTitle "BritBase"]
[Source "John Saunders"]
[SourceDate "2021.06.19"]
[SourceVersion "1"]
[SourceVersionDate "2021.06.19"]
[SourceQuality "1"]

1. d4 Nf6 2. c4 e6 3. Nf3 c5 4. d5 exd5 5. cxd5 d6 6. Nc3 g6 7. g3 Bg7 8. Bg2
O-O 9. O-O a6 10. a4 Nbd7 11. e4 Rb8 12. Re1 Ng4 13. Nh4 Nge5 14. f4 Nc4 15.
Qc2 b5 16. axb5 axb5 17. Bf1 Na5 18. Nxb5 c4 19. Nc3 Nb3 20. Rb1 Nxc1 21. Qxc1
Nf6 22. Qd2 Ng4 23. h3 Nf6 24. Kh2 Nh5 25. Nf3 Bh6 26. Bxc4 Bxh3 27. Kxh3 Qc8+
28. Kg2 Qxc4 29. e5 dxe5 30. Nxe5 Qc8 31. d6 Nf6 32. d7 Qb7+ 33. Kh2 Rfd8 34.
Qd6 Nxd7 35. Nxf7 Kxf7 36. Re7+ Kg8 37. Qe6+ Kh8 38. Qf7 Nf8 39. Rxb7 1-0

[Event "Oxford International"]
[Site "Oxford"]
[Date "1984.06.30"]
[Round "6"]
[White "Upton, Timothy J"]
[Black "Hartoch, Robert G"]
[Result "1-0"]
[WhiteElo "2340"]
[BlackElo "2355"]
[PlyCount "105"]
[EventDate "1984.06.25"]
[EventType "tourn"]
[EventRounds "9"]
[EventCountry "ENG"]
[SourceTitle "BritBase"]
[Source "John Saunders"]
[SourceDate "2021.06.19"]
[SourceVersion "1"]
[SourceVersionDate "2021.06.19"]
[SourceQuality "1"]

1. e4 e5 2. Nf3 Nf6 3. Nxe5 d6 4. Nf3 Nxe4 5. Nc3 Nxc3 6. bxc3 Be7 7. d4 O-O 8.
Bd3 Bg4 9. O-O Nd7 10. Rb1 Nb6 11. Re1 Re8 12. Bf4 Qd7 13. c4 Bf6 14. Be4 c6
15. Qd3 g6 16. h3 Rxe4 17. Qxe4 Bxf3 18. Qxf3 Nxc4 19. d5 c5 20. Qb3 Nb6 21. c4
Rb8 22. Re4 Be7 23. Rbe1 Bf8 24. Bc1 Na4 25. Qb5 Qxb5 26. cxb5 c4 27. Rxc4 Nc5
28. Ba3 b6 29. Bxc5 dxc5 30. Rce4 Rd8 31. Rd1 Bd6 32. Kf1 Kg7 33. Ke2 Bf8 34.
Rd3 h5 35. Kd2 g5 36. Kc3 Bd6 37. Kc4 h4 38. Ra3 Rd7 39. Re8 Bf4 40. Ra6 Kg6
41. Ra8 Re7 42. R8xa7 Re4+ 43. Kc3 Be5+ 44. Kd3 Rd4+ 45. Ke2 Re4+ 46. Kf1 Bc3
47. Rxb6+ f6 48. Re6 Rb4 49. g4 hxg3 50. fxg3 Rxb5 51. g4 c4 52. Ree7 f5 53.
Re6+ 1-0

[Event "Oxford International"]
[Site "Oxford"]
[Date "1984.07.01"]
[Round "7"]
[White "Bradbury, Neil H"]
[Black "Upton, Timothy J"]
[Result "1-0"]
[WhiteElo "2395"]
[BlackElo "2340"]
[PlyCount "81"]
[EventDate "1984.06.25"]
[EventType "tourn"]
[EventRounds "9"]
[EventCountry "ENG"]
[SourceTitle "BritBase"]
[Source "John Saunders"]
[SourceDate "2021.06.19"]
[SourceVersion "1"]
[SourceVersionDate "2021.06.19"]
[SourceQuality "1"]

1. d4 d5 2. c4 e6 3. Nc3 Be7 4. Nf3 Nf6 5. Bg5 O-O 6. e3 h6 7. Bxf6 Bxf6 8. Qd2
b6 9. cxd5 exd5 10. Be2 Be6 11. O-O Nd7 12. Bb5 Nb8 13. h3 c6 14. Ba4 b5 15.
Bc2 Nd7 16. Rac1 Nb6 17. b3 a5 18. Ne2 Qe7 19. Bb1 Rfc8 20. Nf4 a4 21. Rc5 Bd7
22. Nd3 Qe8 23. Nde5 Be7 24. Qc2 g6 25. Nxd7 axb3 26. axb3 Qxd7 27. Ne5 Qe8 28.
Rxc6 Bd6 29. Rxc8 Rxc8 30. Qe2 Bxe5 31. dxe5 Rc3 32. e6 fxe6 33. Qg4 Kh7 34.
Qd4 Rc6 35. Bd3 Qe7 36. Bxb5 e5 37. Qd2 Rc5 38. Bd3 Qc7 39. Ra1 e4 40. Bf1 Nd7
41. b4 1-0

[Event "Oxford International"]
[Site "Oxford"]
[Date "1984.07.01"]
[Round "7"]
[White "Hartoch, Robert G"]
[Black "Condie, Mark L"]
[Result "1-0"]
[WhiteElo "2355"]
[BlackElo "2340"]
[PlyCount "73"]
[EventDate "1984.06.25"]
[EventType "tourn"]
[EventRounds "9"]
[EventCountry "ENG"]
[SourceTitle "BritBase"]
[Source "John Saunders"]
[SourceDate "2021.06.19"]
[SourceVersion "1"]
[SourceVersionDate "2021.06.19"]
[SourceQuality "1"]

1. e4 c5 2. Nf3 e6 3. Nc3 d6 4. d4 cxd4 5. Nxd4 Nf6 6. Be2 a6 7. a4 Nc6 8. O-O
Qc7 9. Kh1 Be7 10. f4 O-O 11. Be3 Na5 12. Qe1 Nc4 13. Bc1 b6 14. b3 Na5 15. Bd3
Bb7 16. Bb2 Nc6 17. Nxc6 Qxc6 18. Qg3 g6 19. Rae1 Rae8 20. Qh3 d5 21. e5 Nh5
22. Ne2 f5 23. Nd4 Qd7 24. Qe3 Bc5 25. Qe2 Qg7 26. Rf3 g5 27. fxg5 Qxg5 28.
Ref1 Rf7 29. g4 Bxd4 30. Bxd4 Ng7 31. gxf5 exf5 32. Qf2 Qh5 33. Rg1 Kf8 34. Rf4
Qh6 35. Rh4 Qe6 36. Rxh7 f4 37. Qh4 1-0

[Event "Oxford International"]
[Site "Oxford"]
[Date "1984.07.01"]
[Round "7"]
[White "Levitt, Jonathan"]
[Black "Hawksworth, John C"]
[Result "1-0"]
[WhiteElo "2345"]
[BlackElo "2340"]
[PlyCount "89"]
[EventDate "1984.06.25"]
[EventType "tourn"]
[EventRounds "9"]
[EventCountry "ENG"]
[SourceTitle "BritBase"]
[Source "John Saunders"]
[SourceDate "2021.06.19"]
[SourceVersion "1"]
[SourceVersionDate "2021.06.19"]
[SourceQuality "1"]

1. d4 Nf6 2. c4 e6 3. Nc3 Bb4 4. f3 c5 5. d5 Bxc3+ 6. bxc3 e5 7. d6 h6 8. e4
Nc6 9. Be3 Qa5 10. Ne2 b6 11. Kf2 Ba6 12. Qb3 b5 13. cxb5 Bxb5 14. Ng3 Ba6 15.
Nf5 Rb8 16. Qc2 Qa3 17. Bc1 Qa5 18. Nxg7+ Kd8 19. Nf5 Ne8 20. Bxh6 Bxf1 21.
Rhxf1 c4 22. Rfd1 Qb6+ 23. Be3 Qb2 24. Qxb2 Rxb2+ 25. Rd2 Rxd2+ 26. Bxd2 Rxh2
27. Bg5+ f6 28. Bh4 Rxh4 29. Nxh4 Nxd6 30. Ke3 Ke7 31. g3 Ke6 32. Rd1 Ne7 33.
f4 exf4+ 34. gxf4 f5 35. Rxd6+ Kxd6 36. Nxf5+ Nxf5+ 37. exf5 Ke7 38. Ke4 Kf6
39. a4 Kf7 40. Ke5 Ke7 41. a5 Kf7 42. a6 Kg7 43. Kd5 Kf6 44. Kxc4 Kxf5 45. Kd5
1-0

[Event "Oxford International"]
[Site "Oxford"]
[Date "1984.07.01"]
[Round "7"]
[White "McNab, Colin Anderson"]
[Black "Ligterink, Gert"]
[Result "0-1"]
[WhiteElo "2375"]
[BlackElo "2445"]
[PlyCount "48"]
[EventDate "1984.06.25"]
[EventType "tourn"]
[EventRounds "9"]
[EventCountry "ENG"]
[SourceTitle "BritBase"]
[Source "John Saunders"]
[SourceDate "2021.06.19"]
[SourceVersion "1"]
[SourceVersionDate "2021.06.19"]
[SourceQuality "1"]

1. c4 Nf6 2. Nf3 c5 3. g3 d5 4. Bg2 Nc6 5. cxd5 Nxd5 6. O-O g6 7. Nc3 Nc7 8. d3
Bg7 9. Be3 b6 10. Rc1 O-O 11. Qd2 Re8 12. Bh6 Bh8 13. Ne4 Bb7 14. h4 Nd5 15. h5
e5 16. a3 a5 17. Qc2 Qd7 18. Qc4 a4 19. hxg6 hxg6 20. Neg5 Nd4 21. Nxd4 exd4
22. Bh3 Qe7 23. Rce1 Bg7 24. Bxg7 Qxg5 0-1

[Event "Oxford International"]
[Site "Oxford"]
[Date "1984.07.01"]
[Round "7"]
[White "Regan, Kenneth"]
[Black "Cox, John J"]
[Result "1-0"]
[WhiteElo "2400"]
[BlackElo "2350"]
[PlyCount "71"]
[EventDate "1984.06.25"]
[EventType "tourn"]
[EventRounds "9"]
[EventCountry "ENG"]
[SourceTitle "BritBase"]
[Source "John Saunders"]
[SourceDate "2021.06.19"]
[SourceVersion "1"]
[SourceVersionDate "2021.06.19"]
[SourceQuality "1"]

1. e4 e6 2. d4 d5 3. e5 c5 4. c3 Qb6 5. a3 cxd4 6. cxd4 Nc6 7. Nf3 Bd7 8. Nc3
Nge7 9. Na4 Qd8 10. Nc5 Nf5 11. b4 a5 12. Nxd7 Qxd7 13. b5 Nd8 14. Bd3 Be7 15.
O-O f6 16. g4 Nh6 17. exf6 Bd6 18. Ne5 Bxe5 19. dxe5 Nhf7 20. fxg7 Rg8 21. f4
Rxg7 22. Kh1 b6 23. Be3 d4 24. Be4 Rc8 25. Qxd4 Qxd4 26. Bxd4 Rc4 27. Rad1 Rxg4
28. Bf3 Rxf4 29. Bc6+ Nxc6 30. Rxf4 Ne7 31. Rdf1 Nf5 32. Bxb6 Rc3 33. a4 Ng5
34. Bxa5 Rc5 35. b6 Kd7 36. b7 1-0

[Event "Oxford International"]
[Site "Oxford"]
[Date "1984.07.02"]
[Round "8"]
[White "Condie, Mark L"]
[Black "Bradbury, Neil H"]
[Result "1/2-1/2"]
[WhiteElo "2340"]
[BlackElo "2395"]
[PlyCount "90"]
[EventDate "1984.06.25"]
[EventType "tourn"]
[EventRounds "9"]
[EventCountry "ENG"]
[SourceTitle "BritBase"]
[Source "John Saunders"]
[SourceDate "2021.06.19"]
[SourceVersion "1"]
[SourceVersionDate "2021.06.19"]
[SourceQuality "1"]

1. Nf3 Nf6 2. c4 c5 3. Nc3 Nc6 4. e3 e6 5. d4 d5 6. a3 dxc4 7. Bxc4 a6 8. O-O
b5 9. Ba2 Bb7 10. Qe2 Qc7 11. d5 exd5 12. Nxd5 Nxd5 13. Bxd5 Bd6 14. e4 Ne5 15.
Nh4 Bxd5 16. exd5 O-O 17. Nf5 Rfe8 18. Bf4 g6 19. Nxd6 Qxd6 20. Rfe1 f6 21.
Rad1 Ra7 22. Qd2 Rae7 23. Re3 Rd8 24. h3 Rde8 25. Bg3 Rd8 26. Kh2 Rde8 27. Rde1
Kf7 28. Qd1 Qd7 29. d6 Re6 30. f4 Nc4 31. Rxe6 Rxe6 32. Qd5 Qxd6 33. Qb7+ Qe7
34. Qd5 Nb6 35. Qd2 Rxe1 36. Bxe1 Nc4 37. Qd5+ Kg7 38. Bc3 Ne3 39. Qc6 b4 40.
axb4 cxb4 41. Bd4 Nf1+ 42. Kg1 Ng3 43. Kh2 Nf1+ 44. Kg1 Ng3 45. Kh2 Nf1+
1/2-1/2

[Event "Oxford International"]
[Site "Oxford"]
[Date "1984.07.02"]
[Round "8"]
[White "Hawksworth, John C"]
[Black "Cox, John J"]
[Result "1-0"]
[WhiteElo "2340"]
[BlackElo "2350"]
[PlyCount "81"]
[EventDate "1984.06.25"]
[EventType "tourn"]
[EventRounds "9"]
[EventCountry "ENG"]
[SourceTitle "BritBase"]
[Source "John Saunders"]
[SourceDate "2021.06.19"]
[SourceVersion "1"]
[SourceVersionDate "2021.06.19"]
[SourceQuality "1"]

1. d4 e6 2. c4 f5 3. Nf3 Nf6 4. g3 Bb4+ 5. Bd2 Qe7 6. Bg2 O-O 7. O-O Bxd2 8.
Qxd2 d6 9. Nc3 Kh8 10. Rae1 e5 11. dxe5 dxe5 12. e4 fxe4 13. Nxe4 Nc6 14. Nxf6
gxf6 15. Nh4 Be6 16. b3 Rad8 17. Qh6 Qg7 18. Qxg7+ Kxg7 19. f4 Rd2 20. Bxc6
bxc6 21. Rf2 Rfd8 22. fxe5 Rxf2 23. Kxf2 Rd2+ 24. Re2 Rxe2+ 25. Kxe2 fxe5 26.
Nf3 Kf6 27. Nd2 Bf5 28. Kf3 Bh3 29. Ne4+ Kf5 30. Nf2 Bf1 31. g4+ Ke6 32. Ne4
Ke7 33. Nc5 Kd6 34. Ne4+ Ke7 35. Ke3 Bg2 36. Nd2 h5 37. gxh5 Kf6 38. h6 Kg6 39.
Nf3 Kxh6 40. Nxe5 Kg5 41. Kd4 1-0

[Event "Oxford International"]
[Site "Oxford"]
[Date "1984.07.02"]
[Round "8"]
[White "Levitt, Jonathan"]
[Black "Hartoch, Robert G"]
[Result "1/2-1/2"]
[WhiteElo "2345"]
[BlackElo "2355"]
[PlyCount "128"]
[EventDate "1984.06.25"]
[EventType "tourn"]
[EventRounds "9"]
[EventCountry "ENG"]
[SourceTitle "BritBase"]
[Source "John Saunders"]
[SourceDate "2021.06.19"]
[SourceVersion "1"]
[SourceVersionDate "2021.06.19"]
[SourceQuality "1"]

1. d4 Nf6 2. c4 e6 3. Nc3 c5 4. d5 exd5 5. cxd5 g6 6. Nf3 Bg7 7. e4 d6 8. Bg5
h6 9. Bh4 a6 10. Nd2 b5 11. Qc2 O-O 12. Be2 Nbd7 13. a4 b4 14. Nd1 a5 15. O-O
Nb6 16. Ne3 Qc7 17. Rad1 Re8 18. b3 Nfd7 19. Rfe1 Ba6 20. Bxa6 Rxa6 21. Re2
Raa8 22. Bg3 Rad8 23. Kh1 Nf6 24. Bh4 Ra8 25. Rf1 Qd7 26. Qd3 Ng4 27. Bg3 Nxe3
28. Rxe3 Bd4 29. Re2 Kh7 30. Rd1 Bc3 31. e5 Bxe5 32. Bxe5 Rxe5 33. Rxe5 dxe5
34. Ne4 Qf5 35. d6 Rd8 36. f3 Nd7 37. Qd5 Kg7 38. Nxc5 Nxc5 39. Qxc5 Qe6 40.
Qd5 Qxd5 41. Rxd5 Kf6 42. Kg1 Ke6 43. Rxa5 Rxd6 44. Rb5 Rd4 45. Kf2 Rd2+ 46.
Kg3 Rd4 47. Kf2 Rd2+ 48. Kf1 Ra2 49. h4 h5 50. Rxb4 Kd5 51. Kg1 f5 52. Kf1 Kc5
53. Rc4+ Kd5 54. Rc1 e4 55. fxe4+ fxe4 56. Rb1 Ke5 57. b4 Rxa4 58. b5 Ra7 59.
b6 Rb7 60. g3 Kd5 61. Ke2 Kd4 62. Rb4+ Kc5 63. Rxe4 Rxb6 64. Kf3 Kd5 1/2-1/2

[Event "Oxford International"]
[Site "Oxford"]
[Date "1984.07.02"]
[Round "8"]
[White "Upton, Timothy J"]
[Black "McNab, Colin Anderson"]
[Result "1/2-1/2"]
[WhiteElo "2340"]
[BlackElo "2375"]
[PlyCount "35"]
[EventDate "1984.06.25"]
[EventType "tourn"]
[EventRounds "9"]
[EventCountry "ENG"]
[SourceTitle "BritBase"]
[Source "John Saunders"]
[SourceDate "2021.06.19"]
[SourceVersion "1"]
[SourceVersionDate "2021.06.19"]
[SourceQuality "1"]

1. e4 g6 2. d4 Bg7 3. Nc3 d6 4. f4 Nc6 5. Bb5 a6 6. Bxc6+ bxc6 7. Nf3 Bg4 8.
O-O Qb8 9. Qd3 Nf6 10. h3 Bxf3 11. Rxf3 O-O 12. f5 Nd7 13. Rb1 c5 14. Be3 cxd4
15. Bxd4 Bxd4+ 16. Qxd4 Ne5 17. Rg3 Qa7 18. Qxa7 1/2-1/2

[Event "Oxford International"]
[Site "Oxford"]
[Date "1984.07.03"]
[Round "9"]
[White "Hartoch, Robert G"]
[Black "Hawksworth, John C"]
[Result "1/2-1/2"]
[WhiteElo "2355"]
[BlackElo "2340"]
[PlyCount "37"]
[EventDate "1984.06.25"]
[EventType "tourn"]
[EventRounds "9"]
[EventCountry "ENG"]
[SourceTitle "BritBase"]
[Source "John Saunders"]
[SourceDate "2021.06.19"]
[SourceVersion "1"]
[SourceVersionDate "2021.06.19"]
[SourceQuality "1"]

1. d4 Nf6 2. c4 e6 3. g3 d5 4. Bg2 Be7 5. Nf3 O-O 6. O-O dxc4 7. Qc2 a6 8. Qxc4
b5 9. Qc2 Bb7 10. Bd2 Be4 11. Qc1 Nc6 12. Be3 Nb4 13. Nbd2 Bb7 14. Bg5 Rc8 15.
a3 Nbd5 16. Nb3 h6 17. Bxf6 Nxf6 18. Rd1 Nd5 19. Nc5 1/2-1/2

[Event "Oxford International"]
[Site "Oxford"]
[Date "1984.07.03"]
[Round "9"]
[White "McNab, Colin Anderson"]
[Black "Condie, Mark L"]
[Result "1/2-1/2"]
[WhiteElo "2375"]
[BlackElo "2340"]
[PlyCount "45"]
[EventDate "1984.06.25"]
[EventType "tourn"]
[EventRounds "9"]
[EventCountry "ENG"]
[SourceTitle "BritBase"]
[Source "John Saunders"]
[SourceDate "2021.06.19"]
[SourceVersion "1"]
[SourceVersionDate "2021.06.19"]
[SourceQuality "1"]

1. g3 e5 2. Bg2 Nc6 3. c4 d6 4. Nc3 g6 5. e3 Bg7 6. Nge2 Nge7 7. O-O O-O 8. Rb1
a5 9. a3 Bf5 10. e4 Be6 11. Nd5 Nd4 12. Nxd4 exd4 13. d3 Nxd5 14. exd5 Bd7 15.
b4 axb4 16. axb4 Re8 17. Bb2 Qe7 18. Be4 Bh3 19. Re1 Ra2 20. Qb3 Raa8 21. Qd1
Ra2 22. Qb3 Raa8 23. Qd1 1/2-1/2

[Event "Oxford International"]
[Site "Oxford"]
[Date "1984.07.03"]
[Round "9"]
[White "Regan, Kenneth"]
[Black "Upton, Timothy J"]
[Result "1-0"]
[WhiteElo "2400"]
[BlackElo "2340"]
[PlyCount "61"]
[EventDate "1984.06.25"]
[EventType "tourn"]
[EventRounds "9"]
[EventCountry "ENG"]
[SourceTitle "BritBase"]
[Source "John Saunders"]
[SourceDate "2021.06.19"]
[SourceVersion "1"]
[SourceVersionDate "2021.06.19"]
[SourceQuality "1"]

1. e4 e5 2. Bc4 Nc6 3. Nf3 Nf6 4. d3 Be7 5. c3 d6 6. Nbd2 O-O 7. O-O Nd7 8. Re1
Kh8 9. d4 Nb6 10. dxe5 Nxe5 11. Nxe5 dxe5 12. Bb3 a5 13. Qh5 Qd6 14. Nf3 Nd7
15. Bg5 g6 16. Qh6 Nf6 17. Rad1 Qc5 18. Qh4 Ra6 19. Bh6 Re8 20. Be3 Qb5 21.
Bxf7 Rf8 22. a4 Qxa4 23. Nxe5 Rxf7 24. Nxf7+ Kg8 25. Ng5 Nh5 26. g4 Nf6 27. f3
h5 28. Qg3 hxg4 29. Qxc7 Qe8 30. Qc4+ Kg7 31. e5 1-0